| 000 | 01219cam a22003371i 4500 | ||
|---|---|---|---|
| 001 | gs 08000383 | ||
| 003 | DLC | ||
| 005 | 20260227111308.0 | ||
| 008 | 790412s1908 dcuabf b f001 0 eng | ||
| 010 | _ags 08000383 | ||
| 035 | _a(OCoLC)4848464 | ||
| 040 |
_aDLC _cICharE _dDLC |
||
| 042 | _apremarc | ||
| 043 |
_an-us-ky _an-us-oh _an-us-wv |
||
| 050 | 0 | 0 |
_aTN24.K4 _bP6 |
| 100 | 1 |
_aPhalen, William Clifton, _d1877-1949. |
|
| 245 | 1 | 0 |
_aEconomic geology of the Kenova quadrangle, Kentucky, Ohio, and West Virginia / _cby William Clifton Phalen. |
| 260 |
_aWashington, _bGovt. Print. Off., _c1908. |
||
| 300 |
_a158 p. : _bill., vi. pl. (part fold., incl. maps) diagrs. ; _c24 cm. |
||
| 490 | 1 | _aU.S. Geological survey. Bulletin 349 | |
| 500 | _aIssued also as House doc. no. 1012, 60th Cong., 2nd sess. | ||
| 504 | _aBibliography : p. 151-152. | ||
| 500 | _aIncludes index. | ||
| 650 | 0 |
_aGeology _zKentucky. |
|
| 650 | 0 |
_aGeology _zOhio. |
|
| 650 | 0 |
_aGeology _zWest Virginia. |
|
| 650 | 0 |
_aMines and mineral resources _zKentucky. |
|
| 650 | 0 |
_aMines and mineral resources _zOhio. |
|
| 650 | 0 |
_aMines and mineral resources _zWest Virginia. |
|
| 810 | 1 |
_aUnited States. _bGeological Survey. _tBulletin 349. |
|
| 999 |
_c24761 _d24761 |
||